00476nam a2200193 a 4500001001300000003000900013005001700022008004100039020002300080082001600103100001500119245003600134260003200170300000900202500003500211505001000246650001100256700001500267nice12345678IN_TiNIC20260116013812.0050524s1995 dela grp 000 0 eng  a8124120 c39500a953.67bPAS aPasha, A K aKuwaitb Strategies of Survival aDelhibHar Anand Pub c1995 a334p aincludes index and biblioraphy2 aIndex aKuwait1 aPasha, A K